Cursillo - manual de sindicalismo y de organización y lucha sindical : (Record no. 17954)
[ view plain ]
| 000 -CABECERA | |
|---|---|
| fixed length control field | 00955nam a22002177a 4500 |
| 003 - IDENTIFICADOR DEL NÚMERO DE CONTROL | |
| control field | AR-CdUCM |
| 008 - DATOS DE LONGITUD FIJA--INFORMACIÓN GENERAL | |
| fixed length control field | 190510b ||||| |||| 00| 0 spa d |
| 040 ## - FUENTE DE LA CATALOGACIÓN | |
| Agencia/entidad que catalogó originalmente la obra | MUNICIPALIDAD PROVINCIAL DEL CUSCO |
| Entidad que transcribió la catalogación | BIBLIOTECA MUNICIPAL DEL CUSCO |
| 082 ## - NÚMERO DE LA CLASIFICACIÓN DECIMAL DEWEY | |
| No. de Clasificación | 331.88 / |
| Notacion interna | P89 |
| 100 ## - ENTRADA PRINCIPAL--NOMBRE DE PERSONA | |
| Nombre Personal | Prado, Jorge del |
| 245 ## - MENCIÓN DE TÍTULO | |
| Título | Cursillo - manual de sindicalismo y de organización y lucha sindical : |
| Resto del título | Compendio teórico y práctico en diez lecciones y cuatro cuadros gráficos explicativos / |
| 260 ## - PUBLICACIÓN, DISTRIBUCIÓN, ETC. | |
| Lugar de publicación, distribución, etc. | Lima : |
| Nombre de la editorial, distribuidor, etc. | Jorge del Prado, |
| Fecha de publicación, distribución, etc. | 1961. |
| 300 ## - DESCRIPCIÓN FÍSICA | |
| Nº de Páginas Extensión | 191 paginas ; |
| Dimensiones | 17 cm. |
| 505 ## - NOTA DE CONTENIDO CON FORMATO | |
| Nota de contenido formateada | Contenido :El movimiento obrero y las principales corrientes que influyen en su desarrollo --Fundamentos y principios del sindicalismo clasista --Como se organiza y como funciona un sindicato ... |
| 650 ## - PUNTO DE ACCESO ADICIONAL DE MATERIA--TÉRMINO DE MATERIA | |
| Descriptor | Sindicalismo |
| 9 (RLIN) | 5257 |
| 650 ## - PUNTO DE ACCESO ADICIONAL DE MATERIA--TÉRMINO DE MATERIA | |
| Descriptor | Manuales |
| 9 (RLIN) | 5970 |
| 650 ## - PUNTO DE ACCESO ADICIONAL DE MATERIA--TÉRMINO DE MATERIA | |
| Descriptor | Fundamentos |
| 9 (RLIN) | 28176 |
| 650 ## - PUNTO DE ACCESO ADICIONAL DE MATERIA--TÉRMINO DE MATERIA | |
| Descriptor | Principios |
| 9 (RLIN) | 5198 |
| 942 ## - ELEMENTOS DE PUNTO DE ACCESO ADICIONAL (KOHA) | |
| Fuente de clasificación | |
| Tipo de item | Libros-BMC |
| 945 ## - PROCESAMIENTO DE INFORMACIÓN LOCAL (OCLC) | |
| Catalogador | rjall |
| AAAA-MM-DD - Fecha de ingreso o modificacion | 2019-05-10 |
No items available.